[Event "Wch U16"]
[Site "Oropesa del Mar"]
[Date "1998.10.25"]
[Round "1"]
[White "Batty, Ramiz A"]
[Black "Roiz, Michael"]
[Result "0-1"]
[WhiteElo "2115"]
[BlackElo "2355"]
[PlyCount "98"]
[EventDate "1998.10.25"]
[EventType "swiss"]
[EventRounds "11"]
[EventCountry "ESP"]
[SourceTitle "CBM 067 Extra"]
[Source "ChessBase"]
[SourceDate "1999.01.01"]
[SourceVersion "1"]
[SourceVersionDate "1999.01.01"]
[SourceQuality "1"]

1. d4 Nf6 2. c3 e6 3. Bg5 h6 4. Bh4 b6 5. Nd2 Bb7 6. f3 d5 7. e3 Be7 8. Bd3 c5 9. f4 Nbd7 10. Qf3 Qc8 11. Nh3 a5 12. g4 a4 13. a3 Ba6 14. Bc2 Qc6 15. Bg3 h5 16. g5 Ng4 17. Bh4 b5 18. Ng1 b4 19. axb4 cxb4 20. Ne2 b3 21. Bb1 a3 22. bxa3 Bxe2 23. Kxe2 Qxc3 24. Bd3 Nxh2 25. Qg2 b2 26. Ra2 Ng4 27. f5 Rxa3 28. Rxa3 Qxa3 29. fxe6 fxe6 30. Rf1 Rf8 31. Rxf8+ Nxf8 32. Qf1 Qb4 33. Qf4 Qd6 34. Bb5+ Nd7 35. Kd3 Qxf4 36. exf4 Bb4 37. Nb1 Bd6 38. Bg3 Ke7 39. Kc3 Ne3 40. Be2 Nf5 41. Bh2 h4 42. Kxb2 Nxd4 43. Bg4 Nc5 44. Kc3 Nf5 45. Bxf5 exf5 46. Kd4 Ne6+ 47. Kxd5 Bxf4 48. Bg1 Nxg5 49. Nc3 h3 0-1